Oceliarne U.S. Steel Košice zvyšujú zisk Podľa šéfa koncernu T.J. Ushera sa svetové ceny ocele odrážajú od dna

Bibliographic Details
Main Author: Hutňan, Marián (Author)
Corporate Author: U.S.Steel (Košice, Slovensko) (Author)
Format: Article
Language:Slovak
Subjects:

MARC

LEADER 00000nab a2200000 a 4500
001 vtls000927381
003 SK-MaSNL
005 20260303033401.0
008 140301e20010725xo 0 slo
035 |a KE36258 
040 |a KEVKJB  |b slo  |c KEVKJB  |e AACR2 
041 0 |a slo 
044 |a xo  |c SK 
080 |a 669.1  |2 1981 
100 1 |a Hutňan, Marián  |4 aut  |9 838495 
245 1 0 |a Oceliarne U.S. Steel Košice zvyšujú zisk  |b Podľa šéfa koncernu T.J. Ushera sa svetové ceny ocele odrážajú od dna 
610 2 7 |a U. S. Steel (Košice, Slovensko)  |2 KEVKJB  |9 656260 
648 7 |a 2001  |2 snkbucl  |9 296180 
650 0 7 |a štvrťrok 2.  |2 KEVKJB  |9 1017054 
650 0 7 |a hospodárenie so ziskom  |2 KEVKJB  |9 1017055 
651 7 |a Košice (Slovensko)  |2 KEVKJB  |9 18694 
710 2 |a U.S.Steel (Košice, Slovensko)  |4 aut  |9 877338 
773 0 8 |t Hospodárske noviny, č.142, 25.7.2001, s. 5 
773 0 8 |t Podniky a trhy 
852 |a ZVYKNI  |b KIS3GCP 
999 |c 1669813  |d 1671743